000847366 001__ 847366 000847366 005__ 20251106144501.0 000847366 0247_ $$2ISSN$$a1475-2859 000847366 0247_ $$2SCOPUS$$aSCOPUS:2-s2.0-85129761543 000847366 0247_ $$2doi$$a10.1186/s12934-022-01806-4 000847366 0247_ $$2datacite_doi$$a10.18154/RWTH-2022-05279 000847366 0247_ $$2WOS$$aWOS:000792083200003 000847366 037__ $$aRWTH-2022-05279 000847366 041__ $$aEnglish 000847366 082__ $$a570 000847366 1001_ $$aNießer, Jochen$$b0 000847366 245__ $$aHot isopropanol quenching procedure for automated microtiter plate scale 13C-labeling experiments$$honline 000847366 260__ $$aLondon$$bBiomed Central$$c2022 000847366 300__ $$a1-10 000847366 3367_ $$00$$2EndNote$$aJournal Article 000847366 3367_ $$0PUB:(DE-HGF)16$$2PUB:(DE-HGF)$$aJournal Article$$bjournal$$mjournal 000847366 3367_ $$2BibTeX$$aARTICLE 000847366 3367_ $$2DRIVER$$aarticle 000847366 3367_ $$2DataCite$$aOutput Types/Journal article 000847366 3367_ $$2ORCID$$aJOURNAL_ARTICLE 000847366 588__ $$aDataset connected to CrossRef, Journals: publications.rwth-aachen.de 000847366 591__ $$aGermany 000847366 7001_ $$aMüller, Moritz Fabian$$b1 000847366 7001_ $$aKappelmann, Jannick$$b2 000847366 7001_ $$0P:(DE-82)105223$$aWiechert, Wolfgang$$b3$$urwth 000847366 7001_ $$aNoack, Stephan$$b4$$eCorresponding author 000847366 773__ $$0PERI:(DE-600)2091377-1$$a10.1186/s12934-022-01806-4$$n1$$p78$$tMicrobial cell factories$$v21$$x1475-2859$$y2022 000847366 8564_ $$uhttps://publications.rwth-aachen.de/record/847366/files/847366.pdf$$yOpenAccess 000847366 909CO $$ooai:publications.rwth-aachen.de:847366$$pdnbdelivery$$pdriver$$pVDB$$popen_access$$popenaire 000847366 9101_ $$0I:(DE-588b)36225-6$$6P:(DE-82)105223$$aRWTH Aachen$$b3$$kRWTH 000847366 9141_ $$y2022 000847366 9151_ $$0StatID:(DE-HGF)0031$$2StatID$$aPeer reviewed article$$x0 000847366 915__ $$0StatID:(DE-HGF)0150$$2StatID$$aDBCoverage$$bWeb of Science Core Collection$$d2021-05-04 000847366 915__ $$0StatID:(DE-HGF)0300$$2StatID$$aDBCoverage$$bMedline$$d2021-05-04 000847366 915__ $$0StatID:(DE-HGF)1050$$2StatID$$aDBCoverage$$bBIOSIS Previews$$d2021-05-04 000847366 915__ $$0StatID:(DE-HGF)1190$$2StatID$$aDBCoverage$$bBiological Abstracts$$d2021-05-04 000847366 915__ $$0StatID:(DE-HGF)0600$$2StatID$$aDBCoverage$$bEbsco Academic Search$$d2021-05-04 000847366 915__ $$0StatID:(DE-HGF)0100$$2StatID$$aJCR$$bMICROB CELL FACT : 2019$$d2021-05-04 000847366 915__ $$0StatID:(DE-HGF)0501$$2StatID$$aDBCoverage$$bDOAJ Seal$$d2021-05-04 000847366 915__ $$0StatID:(DE-HGF)0113$$2StatID$$aWoS$$bScience Citation Index Expanded$$d2021-05-04 000847366 915__ $$0StatID:(DE-HGF)0500$$2StatID$$aDBCoverage$$bDOAJ$$d2021-05-04 000847366 915__ $$0StatID:(DE-HGF)0700$$2StatID$$aFees$$d2021-05-04 000847366 915__ $$0StatID:(DE-HGF)9900$$2StatID$$aIF < 5$$d2021-05-04 000847366 915__ $$0LIC:(DE-HGF)CCBY4$$2HGFVOC$$aCreative Commons Attribution CC BY 4.0 000847366 915__ $$0StatID:(DE-HGF)0510$$2StatID$$aOpenAccess 000847366 915__ $$0StatID:(DE-HGF)0030$$2StatID$$aPeer Review$$bDOAJ : Blind peer review$$d2021-05-04 000847366 915__ $$0StatID:(DE-HGF)0561$$2StatID$$aArticle Processing Charges$$d2021-05-04 000847366 915__ $$0StatID:(DE-HGF)0160$$2StatID$$aDBCoverage$$bEssential Science Indicators$$d2021-05-04 000847366 915__ $$0StatID:(DE-HGF)0200$$2StatID$$aDBCoverage$$bSCOPUS$$d2021-05-04 000847366 915__ $$0StatID:(DE-HGF)0320$$2StatID$$aDBCoverage$$bPubMed Central$$d2021-05-04 000847366 915__ $$0StatID:(DE-HGF)0199$$2StatID$$aDBCoverage$$bClarivate Analytics Master Journal List$$d2021-05-04 000847366 9201_ $$0I:(DE-82)420410_20140620$$k420410$$lLehrstuhl für Computational Systems Biotechnology (FZ Jülich)$$x0 000847366 9201_ $$0I:(DE-82)162610_20140620$$k162610$$lLehrstuhl für Biotechnologie$$x1 000847366 9201_ $$0I:(DE-82)416100_20171001$$k416100$$lAachener Verfahrenstechnik$$x2 000847366 9201_ $$0I:(DE-82)160000_20140620$$k160000$$lFachgruppe Biologie$$x3 000847366 961__ $$c2022-05-25T12:32:33.908312$$x2022-05-25T12:32:33.908312$$z2022-05-25 000847366 9801_ $$aFullTexts 000847366 980__ $$aI:(DE-82)160000_20140620 000847366 980__ $$aI:(DE-82)162610_20140620 000847366 980__ $$aI:(DE-82)416100_20171001 000847366 980__ $$aI:(DE-82)420410_20140620 000847366 980__ $$aUNRESTRICTED 000847366 980__ $$aVDB 000847366 980__ $$ajournal